[Event "FIDE Chesscom Grand Swiss 2019"]
[Site "Douglas-Isle of Man"]
[Date "2019.10.21"]
[Round "11.30"]
[White "Najer, Evgeniy"]
[Black "Eljanov, Pavel"]
[Result "1/2-1/2"]
[WhiteElo "2635"]
[BlackElo "2663"]
[Annotator "RC"]
[PlyCount "191"]
[EventDate "2019.10.10"]
[EventType "swiss"]
[EventCountry "GBR"]
[SourceTitle "playchess.com"]
[Source "ChessBase"]
[SourceQuality "1"]
[TimeControl "40/6000+30:20/3000+30:900+30"]

1. e4 {[%emt 0:01:58]} e5 {[%emt 0:00:00]} 2. Nf3 {[%emt 0:00:19]} Nc6 {[%emt 0:00:00]} 3. Bb5 {[%emt 0:00:16]} Nf6 {[%emt 0:00:00]} 4. d3 {[%emt 0:00:37]} Bc5 {[%emt 0:00:38]} 5. c3 {[%emt 0:00:15]} d5 {[%emt 0:00:25]} 6. Nbd2 {[%emt 0:02:39]} dxe4 {[%emt 0:01:22]} 7. dxe4 {[%emt 0:00:05]} O-O {[%emt 0:00:04]} 8. O-O {[%emt 0:01:24]} a5 {[%emt 0:00:57]} 9. Ba4 {[%emt 0:04:12]} Qe7 {[%emt 0:02:38]} 10. Qe2 {[%emt 0:02:20]} Rb8 {[%emt 0:05:24]} 11. a3 {[%emt 0:18:44]} Nh5 {[%emt 0:32:04]} 12. b4 {[%emt 0:27:12]} Nf4 {[%emt 0:00:30]} 13. Qd1 {[%emt 0:02:02]} b5 {[%emt 0:11:26]} 14. Bb3 {[%emt 0:13:22]} axb4 {[%emt 0:04:16]} 15. axb4 {[%emt 0:04:16]} Bb6 {[%emt 0:00:35]} 16. Bd5 {[%emt 0:07:19]} Qf6 {[%emt 0:01:28]} 17. Nb3 {[%emt 0:02:15]} Ne7 {[%emt 0:00:56]} 18. Bxf4 {[%emt 0:01:11]} Qxf4 {[%emt 0:01:06]} 19. Nc5 {[%emt 0:00:39]} Qf6 {[%emt 0:06:38]} 20. Qe2 {[%emt 0:02:53]} c6 {[%emt 0:03:52]} 21. Bb3 {[%emt 0:00:08]} Ng6 {[%emt 0:00:11]} 22. g3 {[%emt 0:05:08]} Qe7 {[%emt 0:14:37]} 23. Qe3 {[%emt 0:01:17]} Kh8 {[%emt 0:02:00]} 24. h4 {[%emt 0:03:21]} Kg8 {[%emt 0:18:54]} 25. h5 {[%emt 0:01:39]} Nh8 {[%emt 0:00:01]} 26. Nh4 {[%emt 0:00:20]} Be6 {[%emt 0:01:05]} 27. Nf5 {[%emt 0:02:45]} Qf6 {[%emt 0:00:16]} 28. Bc2 {[%emt 0:00:23]} g6 {[%emt 0:00:40]} 29. Qh6 {[%emt 0:00:19]} Bxf5 {[%emt 0:01:39]} 30. exf5 {[%emt 0:00:07]} Bxc5 {[%emt 0:00:12]} 31. bxc5 {[%emt 0:00:04]} Qg7 {[%emt 0:00:11]} 32. Qxg7+ {[%emt 0:00:24]} Kxg7 {[%emt 0:00:01]} 33. Ra6 {[%emt 0:00:09]} gxh5 {[%emt 0:00:22]} 34. Rd1 {[%emt 0:00:31]} Rfc8 {[%emt 0:01:22]} 35. Rd6 {[%emt 0:01:42]} b4 {[%emt 0:00:57]} 36. cxb4 {[%emt 0:00:57]} Rxb4 {[%emt 0:00:03]} 37. Raxc6 {[%emt 0:00:11]} Ra8 {[%emt 0:01:03]} 38. Bd1 {[%emt 0:04:57]} h4 {[%emt 0:00:15]} 39. gxh4 {[%emt 0:00:33]} Rxh4 {[%emt 0:00:15]} 40. Rd3 {[%emt 0:00:20]} Rf4 {[%emt 0:00:54]} 41. Bc2 {[%emt 0:07:16]} Ra1+ {[%emt 0:10:16]} 42. Kg2 {[%emt 0:02:23]} Rc1 {[%emt 0:00:38]} 43. Rc3 {[%emt 0:14:28]} e4 {[%emt 0:02:11]} 44. Rd6 {[%emt 0:05:16]} Rxf5 {[%emt 0:22:50]} 45. Rd1 {[%emt 0:00:31]} Rxd1 {[%emt 0:00:08]} 46. Bxd1 {[%emt 0:00:04]} Ng6 {[%emt 0:00:36]} 47. c6 {[%emt 0:00:04]} Rg5+ {[%emt 0:03:50]} 48. Kh2 {[%emt 0:09:54]} Ne7 {[%emt 0:02:09]} 49. c7 {[%emt 0:00:04]} Rd5 {[%emt 0:02:42]} 50. Bc2 {[%emt 0:03:01]} Rd2 {[%emt 0:01:08]} 51. Kg1 {[%emt 0:02:00]} f5 {[%emt 0:00:04]} 52. Rc6 {[%emt 0:06:13]} Nc8 {[%emt 0:06:41]} 53. Bb3 {[%emt 0:02:10]} Rd6 {[%emt 0:00:07]} 54. Rc5 {[%emt 0:00:47]} Kf6 {[%emt 0:00:23]} 55. Bg8 {[%emt 0:01:19]} Rd7 {[%emt 0:00:13]} 56. Bd5 {[%emt 0:01:48]} Ne7 {[%emt 0:02:26]} 57. Bb7 {[%emt 0:00:41]} Rd1+ {[%emt 0:00:48]} 58. Kg2 {[%emt 0:00:07]} Rd2 {[%emt 0:00:19]} 59. Kf1 {[%emt 0:00:32]} Rd3 {[%emt 0:01:33]} 60. Ke2 {[%emt 0:00:58]} Rf3 {[%emt 0:00:39]} 61. Rc6+ {[%emt 0:02:49]} Ke5 {[%emt 0:02:32]} 62. c8=Q {[%emt 0:04:37]} Nxc8 {[%emt 0:00:05]} 63. Bxc8 {[%emt 0:00:08]} Kf4 {[%emt 0:03:05]} 64. Rh6 {[%emt 0:03:25]} Rc3 {[%emt 0:00:09]} 65. Bd7 {[%emt 0:00:43]} e3 {[%emt 0:05:55]} 66. Rh4+ {[%emt 0:02:53]} Kg5 {[%emt 0:00:02]} 67. Rxh7 {[%emt 0:00:11]} exf2 {[%emt 0:00:04]} 68. Kxf2 {[%emt 0:00:36]} Rc7 {[%emt 0:03:03]} 69. Ke3 {[%emt 0:00:12]} Ra7 {[%emt 0:01:08]} 70. Kd4 {[%emt 0:00:19]} Kf4 {[%emt 0:00:12]} 71. Rf7 {[%emt 0:00:32]} Kg3 {[%emt 0:01:08]} 72. Rg7+ {[%emt 0:01:52]} Kf4 {[%emt 0:00:05]} 73. Kc4 {[%emt 0:00:29]} Ke5 {[%emt 0:01:07]} 74. Kc5 {[%emt 0:00:38]} Rc7+ {[%emt 0:00:43]} 75. Kb6 {[%emt 0:00:13]} Kf6 {[%emt 0:01:40]} 76. Rh7 {[%emt 0:00:08]} Rc1 {[%emt 0:00:33]} 77. Rh5 {[%emt 0:00:46]} Rf1 {[%emt 0:01:31]} 78. Bb5 {[%emt 0:00:23]} Rb1 {[%emt 0:00:51]} 79. Kc5 {[%emt 0:00:20]} Ke5 {[%emt 0:00:12]} 80. Rh8 {[%emt 0:01:07]} Rd1 {[%emt 0:00:33]} 81. Bc4 {[%emt 0:00:50]} Kf4 {[%emt 0:00:44]} 82. Bb3 {[%emt 0:00:33]} Rd2 {[%emt 0:00:10]} 83. Kc4 {[%emt 0:00:53]} Rd7 {[%emt 0:00:10]} 84. Rf8 {[%emt 0:00:14]} Rc7+ {[%emt 0:00:49]} 85. Kd4 {[%emt 0:00:27]} Rd7+ {[%emt 0:00:09]} 86. Bd5 {[%emt 0:00:04]} Ra7 {[%emt 0:00:05]} 87. Rh8 {[%emt 0:00:24]} Ra1 {[%emt 0:00:18]} 88. Bc4 {[%emt 0:00:23]} Ra4 {[%emt 0:01:36]} 89. Rh1 {[%emt 0:00:29]} Ra3 {[%emt 0:00:39]} 90. Rb1 {[%emt 0:01:14]} Ra4 {[%emt 0:00:33]} 91. Rf1+ {[%emt 0:00:30]} Kg5 {[%emt 0:00:02]} 92. Kd5 {[%emt 0:00:33]} Ra3 {[%emt 0:00:38]} 93. Rd1 {[%emt 0:02:01]} Re3 {[%emt 0:00:39]} 94. Bd3 {[%emt 0:00:21]} Kf6 {[%emt 0:00:12]} 95. Bc4 {[%emt 0:00:38]} Re4 {[%emt 0:00:20]} 96. Rg1 {[%emt 0:01:13]} 1/2-1/2

[Event "FIDE Chesscom Grand Swiss 2019"]
[Site "Douglas-Isle of Man"]
[Date "2019.10.21"]
[Round "11.30"]
[White "Henderson de La Fuente, Lance"]
[Black "Cramling, Pia"]
[Result "1/2-1/2"]
[WhiteElo "2494"]
[BlackElo "2462"]
[Annotator "TA"]
[PlyCount "169"]
[EventDate "2019.10.10"]
[EventType "swiss"]
[EventCountry "GBR"]
[SourceTitle "playchess.com"]
[Source "ChessBase"]
[SourceQuality "1"]

{[%evp 13,169,25,30,10,24,24,27,15,27,26,25,32,22,21,40,37,23,14,39,25,20,18,40,35,48,42,36,24,27,4,3,0,31,31,31,31,30,25,28,31,27,28,28,35,33,33,29,18,21,16,21,-5,0,0,31,-38,0,0,0,0,0,0,0,-4,0,0,0,-18,0,0,0,0,0,0,8,8,8,7,8,8,78,47,46,0,47,47,47,47,48,48,48,48,48,47,47,47,47,47,48,47,81,47,47,47,47,47,47,0,40,0,0,0,0,0,0,0,0,0,0,0,0,0,0,0,0,0,0,0,0,0,1,0,37,37,37,0,0,0,0,0,0,0,0,0,0,-7,0,-8,-8,-8,-8,-8,11,0,0,0,0,0]} 1. e4 g6 2. d4 Bg7 3. Nc3 c6 4. Nf3 d5 5. h3 dxe4 6. Nxe4 Nf6 7. Nxf6+ exf6 8. Be2 {B15: Caro-Kann: 3 Nc3: 3...g6 and 3...dxe4 4 Nxe4 Nf6 5 Nxf6+ exf6} (8. Bd3 {looks sharper.} O-O 9. O-O Re8 10. c3 Be6 11. c4) (8. Bd3 O-O 9. O-O Nd7 10. c4 b6 11. Bf4 Re8 12. Re1 Nf8 13. Rxe8 Qxe8 14. Qd2 Bb7 15. Bh6 Bh8 16. Re1 Qd7 17. b3 {0-1 (32) Hou,Y (2658)-Nakamura,H (2777) chess.com INT 2018}) 8... O-O 9. O-O Re8 10. c4 {White has an edge.} Nd7 11. Re1 f5 12. Be3 Nf6 $146 ({Predecessor:} 12... h6 13. Qb3 g5 14. d5 g4 15. hxg4 fxg4 {0-1 (41) Lemmers,O (2379)-Motwani,P (2541) Netherlands 2004}) 13. Qc2 Be6 14. Rad1 Qc7 15. Qc1 Rad8 16. Bf4 Qa5 17. a3 Rc8 18. Be5 Qd8 19. b4 Bf8 20. Qb2 Ne4 21. Bf1 f6 22. Bh2 Bf7 23. d5 cxd5 24. c5 a6 25. Nd4 Bh6 26. f3 Ng5 27. Bg3 Ne6 28. Nxe6 Rxe6 29. Rxe6 Bxe6 30. Re1 Kf7 31. Bf2 Bf4 32. Bd4 Bb8 33. Qe2 Bd7 34. Qe3 (34. f4 $14) 34... Rc6 35. Qh6 Kg8 36. a4 Re6 37. Rxe6 Bxe6 38. Qe3 Kf7 39. Qh6 Kg8 40. f4 Bd7 41. b5 axb5 42. axb5 Qe7 43. Qh4 Be8 44. Qf2 Qe4 45. g3 g5 {[%cal Rg5f4]} 46. Bg2 Qe6 (46... Qb1+ $11 {remains equal.} 47. Kh2 Bf7) 47. b6 Bc6 48. Qe3 Kf7 (48... Qxe3+ {is more complex.} 49. Bxe3 Kf7 50. Kf1 Ke6 51. Ke2 gxf4 52. gxf4 d4) 49. Kf2 gxf4 50. gxf4 Qxe3+ 51. Kxe3 $14 {[%mdl 4096] Endgame KBB-KBB} Ke6 52. Bf1 {[%mdl 1024] White has compensation.} Ba4 53. Bd3 Bb3 54. Bc3 Ba4 55. Bd2 Bd1 56. Bb5 Bh5 57. Kd4 Bf3 58. h4 Be4 59. h5 h6 $1 60. Be8 Ke7 61. Bg6 Ke6 62. Bc1 Ke7 63. Bd2 Ke6 64. Bh7 {[#] Strongly threatening Bg8+.} Kf7 $1 65. Bc1 Kf8 66. Be3 Kf7 (66... Kg7 $5 67. Bg6 $8 Kf8 $11) 67. Kc3 Kf8 68. Bg6 Ke7 69. Kd4 Kf8 70. Bd2 Ke7 71. Bc1 Ke6 72. Be8 Ke7 73. Ba4 Ke6 74. c6 bxc6 {The position is equal.} 75. Bxc6 Kd6 76. Be8 Ke7 77. Bb5 Ke6 78. Be8 Ke7 79. Ba4 Ke6 80. Kc5 Bd6+ 81. Kd4 Bf3 82. Be8 Bb8 83. Kc5 Bd6+ 84. Kb5 Be4 85. b7 {Accuracy: White = 62%, Black = 61%.} 1/2-1/2

[Event "FIDE Chesscom Grand Swiss 2019"]
[Site "Douglas-Isle of Man"]
[Date "2019.10.21"]
[Round "11.31"]
[White "Dreev, Aleksey"]
[Black "Bjerre, Jonas Buhl"]
[Result "1-0"]
[WhiteElo "2662"]
[BlackElo "2506"]
[Annotator "TA"]
[PlyCount "89"]
[EventDate "2019.10.10"]
[EventType "swiss"]
[EventCountry "GBR"]
[SourceTitle "playchess.com"]
[Source "ChessBase"]
[SourceQuality "1"]

{[%evp 9,89,-14,-1,-24,-22,-25,-32,-43,-23,-131,-123,-178,-65,-137,-94,-113,-102,-88,-92,-86,-97,-103,-14,-22,-11,-27,-26,-29,0,-10,18,32,25,18,55,55,74,87,62,57,72,59,54,35,54,58,44,41,56,54,131,124,140,133,129,128,118,116,113,99,126,126,295,295,290,285,326,318,325,317,265,224,226,232,449,340,306,298,1066,1060,820,503]} 1. d4 Nf6 2. Nf3 e6 3. c4 d5 4. Qc2 dxc4 (4... Be7 5. g3 O-O 6. Bg2 c6 7. Nbd2 b6 8. e4 Bb7 9. e5 Nfd7 10. h4 Re8 11. cxd5 cxd5 12. O-O Nc6 13. a3 Rc8 14. Qb1 {1-0 (69) Dubov,D (2699)-Riazantsev,A (2645) Moscow 2019}) 5. Qxc4 a6 6. Bg5 {D30: Queen's Gambit Declined: Systems without Nc3} b5 7. Bxf6 $1 gxf6 ({Much worse is} 7... bxc4 $6 8. Bxd8 Kxd8 9. e3 $16) 8. Qc2 {Black is slightly better.} Bb7 9. e4 $146 (9. e3 $11) ({Predecessor:} 9. Nbd2 Nc6 10. e3 Nb4 11. Qc1 e5 12. dxe5 {½-½ (40) Torbin,K (2286)-Neverov,V (2541) Bor 2000}) 9... Nc6 $17 10. Qd2 (10. Qd3 $17 {was necessary.}) 10... h5 (10... f5 $1 $19 {[%cal Rf5e4]} 11. exf5 Bg7) 11. Be2 (11. Nc3 $15) 11... Bh6 12. Qc3 Qd6 13. Nbd2 Bxd2+ 14. Qxd2 O-O-O 15. Rd1 {[#]} Qb4 ({Black should play} 15... Rhg8 $1 $17 16. O-O f5) 16. O-O $11 Qxd2 17. Rxd2 Ne7 18. Bd3 Ng6 19. h4 Nf4 {aiming for ...f5!} 20. Bb1 f5 21. Re1 f6 22. g3 Rhg8 23. Kh2 fxe4 24. Bxe4 Nd5 25. Ng1 Rd6 26. Bf3 Rh8 27. Rde2 Kd7 28. Rc1 Bc6 29. Rec2 Nb4 (29... Ne7 $14) 30. Rc5 $16 Rc8 {White must now prevent ...Bxf3.} 31. Rxh5 Rxd4 32. Rh7+ Kd6 {[#]} 33. Bxc6 $1 Nxc6 34. Nf3 Rd5 35. Rf7 Rf5 $2 {[#]} (35... Ne5 $16 {was worth a try.} 36. Nxe5 fxe5) 36. Rxc6+ $1 $18 {[%mdl 576] Remove Defender, Decoy} Kxc6 {[%mdl 4096] Endgame KRR-KRN} 37. Nd4+ {[%mdl 64] Double Attack} Kd5 38. Nxf5 exf5 39. Rxf6 {[%mdl 64] Double Attack. KR-KR} c5 40. Rxa6 ({Less strong is} 40. Rxf5+ Ke4 $14) 40... c4 {intending ...b4.} 41. a3 Re8 $2 (41... Rb8 {was called for.} 42. h5 Ke4) 42. Rf6 Ke4 43. h5 Kd3 $2 (43... Rh8 44. f3+ Ke5) 44. Rxf5 Rb8 45. h6 {Accuracy: White = 71%, Black = 35%.} 1-0

[Event "FIDE Chesscom Grand Swiss 2019"]
[Site "Douglas-Isle of Man"]
[Date "2019.10.21"]
[Round "11.31"]
[White "Soumya, Swaminathan"]
[Black "Stefanova, Antoaneta"]
[Result "1/2-1/2"]
[WhiteElo "2365"]
[BlackElo "2479"]
[Annotator "TA"]
[PlyCount "115"]
[EventDate "2019.10.10"]
[EventType "swiss"]
[EventCountry "GBR"]
[SourceTitle "playchess.com"]
[Source "ChessBase"]
[SourceQuality "1"]

{[%evp 9,115,29,27,14,24,14,22,22,26,29,31,31,28,20,37,16,21,10,27,0,76,76,79,40,39,46,44,45,89,93,110,109,148,132,127,134,129,122,132,129,162,94,85,107,99,95,101,97,91,25,35,31,45,27,34,33,30,0,0,-61,54,30,46,35,37,33,23,20,30,22,29,19,30,24,13,18,4,0,0,0,0,0,0,0,54,0,0,0,0,0,0,0,0,0,0,0,0,0,0,0,0,0,0,0,0,0,0,0]} 1. d4 Nf6 2. c4 g6 3. Nf3 Bg7 4. e3 O-O 5. Be2 c5 6. d5 {E60: King's Indian: Unusual lines and Fianchetto Variation without Nc3} (6. dxc5 Ne4 7. Nd4 Nc6 8. O-O Nxc5 9. Nc3 d6 10. b3 Ne6 11. Nxe6 Bxe6 12. Bb2 d5 13. cxd5 Bxd5 {½-½ (27) Mamedyarov,S (2774)-Vachier Lagrave,M (2779) Zagreb 2019}) 6... e6 7. Nc3 exd5 8. cxd5 Re8 $146 ({Predecessor:} 8... d6 9. Nd2 Na6 10. e4 {1-0 (41) Ernst,S (2523)-Decoster,F (2303) Maastricht 2015}) 9. Nd2 d6 10. e4 Na6 11. O-O Nc7 12. a4 b6 13. Re1 Rb8 14. Rb1 (14. Bb5 $5 {[%cal Rb5e8]}) 14... Na6 (14... a6 $11 {keeps the balance.}) 15. Bb5 $16 Re7 16. Bf1 Nb4 17. Nc4 Ba6 18. Bg5 Bxc4 19. Bxc4 h6 {[#]} 20. Bh4 $1 Re8 21. Bb5 Rf8 22. f4 a6 23. Bc4 Qc7 {[#]} 24. e5 $1 {[%cal Re5f6]} Nh5 25. Qd2 (25. f5 $18) 25... dxe5 26. d6 Qd7 27. fxe5 {Black must now prevent e6.} Rbe8 28. Rbd1 Nc6 29. Bxa6 (29. Nd5 $16 {aiming for Ne7+.} Rxe5 30. Ne7+ (30. Nxb6 Qg4 $14) 30... Kh7 31. Nxc6 Rxe1+ 32. Rxe1 Qxc6 33. Be7) 29... Rxe5 30. Bb5 {Nd5 is the strong threat.} Rxe1+ 31. Rxe1 {Hoping for Be7.} Bd4+ 32. Kh1 Qxd6 33. Ne4 (33. Qxh6 $5 {[%cal Rc3e4]} Bg7 34. Qc1 $14) 33... Qd5 34. Qxh6 (34. g4 $11 f5 {[%mdl 64] Pin} 35. gxh5 (35. Qxh6 $2 Ne5 $19) 35... fxe4 36. Qg2) 34... Bg7 ({Black should play} 34... Re8 $1 $15 35. Qg5 Re5) 35. Qc1 Ne5 36. Nc3 Qd4 37. Re4 Qd6 38. Qd1 Qxd1+ 39. Nxd1 f5 40. Re1 Nf4 41. Nf2 {Strongly threatening Be7.} Kf7 42. Bg3 g5 43. Nh3 Nxh3 44. Bxe5 Bxe5 45. Rxe5 $11 {[%mdl 4096] Endgame KRB-KRN} Kf6 46. Rd5 Nf2+ 47. Kg1 Ne4 {The position is equal.} 48. h3 g4 49. hxg4 fxg4 50. Bd3 Re8 51. a5 bxa5 52. Bxe4 Rxe4 53. Rxc5 {KR-KR} g3 {[%cal Re4e1]} 54. Kf1 a4 55. Rc3 Rf4+ 56. Ke1 Rb4 57. Rxg3 Rxb2 58. Ra3 {Accuracy: White = 74%, Black = 72%.} 1/2-1/2

[Event "FIDE Chesscom Grand Swiss 2019"]
[Site "Douglas-Isle of Man"]
[Date "2019.10.21"]
[Round "11.32"]
[White "Esipenko, Andrey"]
[Black "Sjugirov, Sanan"]
[Result "1/2-1/2"]
[WhiteElo "2624"]
[BlackElo "2662"]
[Annotator "TA"]
[PlyCount "65"]
[EventDate "2019.10.10"]
[EventType "swiss"]
[EventCountry "GBR"]
[SourceTitle "playchess.com"]
[Source "ChessBase"]
[SourceQuality "1"]

{[%evp 18,65,22,18,14,4,8,4,24,29,14,6,11,0,6,9,9,0,12,6,30,12,20,0,0,-12,-19,-8,17,21,19,20,34,29,32,30,30,0,1,0,0,0,0,0,0,0,0,0,0,0]} 1. d4 Nf6 2. c4 e6 3. g3 d5 4. Bg2 Be7 5. Nf3 O-O 6. O-O dxc4 7. Qc2 a6 8. a4 Bd7 9. Qxc4 Bc6 10. Bf4 Bd6 {E05: Open Catalan: 5 Nf3 Be7} 11. Qc1 Nbd7 12. Nc3 (12. Re1 Qe7 13. Nc3 Bxf3 14. Bxf3 Bxf4 15. Qxf4 c6 16. a5 Rad8 17. Red1 e5 18. Qe3 {0-1 (76) Ding,L (2811)-Radjabov,T (2758) Khanty-Mansiysk 2019}) 12... Ne4 13. Rd1 Qe7 14. Qc2 $146 ({Predecessor:} 14. Ne1 Nxc3 15. Qxc3 Bxg2 16. Nxg2 e5 17. dxe5 Nxe5 18. Ne3 {1-0 (53) Ovchinnikov,V (2329)-Baasansuren,E (2134) Moscow 2019}) 14... Nxc3 15. bxc3 Bxf4 16. gxf4 Nf6 17. Qb3 Be4 18. Ne5 c5 19. dxc5 Qxc5 20. c4 Rfd8 21. Qe3 (21. e3 {feels hotter.} Qc7 22. c5 Bxg2 23. Kxg2 Nd7 24. Nxd7 Rxd7 25. Qb6) 21... Qxe3 22. fxe3 Kf8 23. Rd4 Bxg2 $1 24. Kxg2 Rdc8 25. Rb1 Rc7 26. Kf3 Ke8 27. Rbd1 Rac8 {The position is equal.} 28. Rd6 Rc5 29. Rb6 R8c7 30. Rb4 Ke7 31. Rdb1 Nd7 32. Nd3 R5c6 33. Rxb7 {Accuracy: White = 54%, Black = 71%.} 1/2-1/2

[Event "FIDE Chesscom Grand Swiss 2019"]
[Site "Douglas-Isle of Man"]
[Date "2019.10.21"]
[Round "11.32"]
[White "Arkell, Keith C"]
[Black "Movsziszian, Karen"]
[Result "1/2-1/2"]
[WhiteElo "2447"]
[BlackElo "2475"]
[Annotator "TA"]
[PlyCount "60"]
[EventDate "2019.10.10"]
[EventType "swiss"]
[EventCountry "GBR"]
[SourceTitle "playchess.com"]
[Source "ChessBase"]
[SourceQuality "1"]

{[%evp 21,60,25,28,37,49,0,9,-18,-18,-18,-17,-18,-25,-27,-16,-22,-18,-18,-25,-24,0,0,0,0,0,0,0,0,5,6,6,0,0,0,0,0,0,0,0,0,0]} 1. Nf3 g6 2. c4 Bg7 3. Nc3 d6 4. d4 Nf6 5. g3 O-O 6. Bg2 Nbd7 7. O-O e5 8. e4 exd4 9. Nxd4 Re8 10. h3 a6 11. Rb1 Rb8 12. b3 {E68: King's Indian: Fianchetto: 6...Nbd7 7 0-0 e5 8 e4} (12. Re1 Nc5 13. b3 Bd7 14. b4 Ne6 15. Be3 Nxd4 16. Bxd4 Be6 17. Nd5 c6 18. Nxf6+ Bxf6 19. Rc1 Bxd4 20. Qxd4 {0-1 (39) Andersson,U (2530)-Edouard,R (2636) Germany 2018}) 12... c5 13. Nde2 b5 $1 14. cxb5 axb5 15. b4 Bb7 {[%cal Rf6e4]} 16. Bf4 Nxe4 17. Nxe4 Bxe4 18. Bxe4 Rxe4 19. Bxd6 Rc8 {aiming for ...Qe8.} 20. bxc5 Nxc5 (20... Qe8 {keeps more tension.} 21. Nf4 Nxc5 22. Bxc5 Rxc5 23. Re1 h5) 21. Bxc5 {[#] Hoping for Be3.The position is equal.} Qxd1 22. Rfxd1 {Be3 is the strong threat.} Rxe2 23. Rd5 $146 ({Predecessor:} 23. Be3) 23... Rxa2 24. Rxb5 Rc2 25. Be3 h5 26. h4 R2c7 27. Rbc5 Rxc5 28. Rxc5 Rxc5 29. Bxc5 Bf6 30. Kg2 Be5 {Accuracy: White = 58%, Black = 61%.} 1/2-1/2

[Event "FIDE Chesscom Grand Swiss 2019"]
[Site "Douglas-Isle of Man"]
[Date "2019.10.21"]
[Round "11.33"]
[White "Abdusattorov, Nodirbek"]
[Black "Sarana, Alexey"]
[Result "1/2-1/2"]
[WhiteElo "2608"]
[BlackElo "2655"]
[Annotator "TA"]
[PlyCount "102"]
[EventDate "2019.10.10"]
[EventType "swiss"]
[EventCountry "GBR"]
[SourceTitle "playchess.com"]
[Source "ChessBase"]
[SourceQuality "1"]

{[%evp 19,102,26,29,33,26,27,35,38,21,26,47,48,41,36,38,33,30,13,13,-10,-12,-1,-11,-13,0,0,0,0,0,0,0,0,0,0,0,0,0,0,0,0,0,0,-2,0,0,0,0,0,0,0,0,0,0,0,0,0,0,0,0,0,0,0,0,0,0,0,0,0,0,0,0,0,0,0,0,0,0,0,0,0,0,0,0,0,0]} 1. e4 c5 2. Nf3 d6 3. d4 Nf6 4. Nc3 cxd4 5. Nxd4 a6 6. g3 e5 7. Nde2 Be7 8. Bg2 O-O 9. O-O Nbd7 {[%cal Bb8d7,Bd7f6,Bf6g4][%mdl 32]} 10. a4 b6 11. Nd5 {B91: Sicilian Najdorf: 6 g3} Nxd5 12. Qxd5 Qc7 13. Nc3 {White is slightly better.} Bb7 14. Qd3 Nf6 15. Bg5 Ng4 16. Bd2 {[#]} Nf6 $146 ({Predecessor:} 16... h6) 17. Rfd1 h6 18. Be3 Bc6 {The position is equal.} 19. Nd5 Nxd5 20. exd5 Bd7 21. Qb3 b5 22. axb5 axb5 23. Bf1 Bg5 24. Bxg5 hxg5 25. Bxb5 Bxb5 26. Qxb5 Rab8 27. Qc6 Rfc8 28. Ra6 Rxb2 29. Qxc7 Rxc7 $11 {[%mdl 4096] Endgame KRR-KRR} 30. Rc6 Rxc2 31. Rxd6 Kf8 32. Ra6 f6 33. Ra8+ Kf7 34. Rd8 Ke7 35. Rg8 {[#] Threatens to win with d6+.} Kd6 36. Rd8+ Rd7 37. Rxd7+ Kxd7 {KR-KR} 38. Ra1 Kd6 39. Ra6+ Kxd5 40. Ra7 g6 41. Rg7 Ke6 42. Rxg6 Kf7 43. Rh6 Kg7 44. Rh5 Rc8 45. g4 Rc4 46. f3 Rf4 47. h4 gxh4 48. Kg2 e4 49. fxe4 Rxg4+ 50. Kf3 $1 {[%cal Rf3g4]} Rg3+ 51. Kf4 Rh3 {Accuracy: White = 87%, Black = 74%.} 1/2-1/2

[Event "FIDE Chesscom Grand Swiss 2019"]
[Site "Douglas-Isle of Man"]
[Date "2019.10.21"]
[Round "11.33"]
[White "Danielian, Elina"]
[Black "Lei, Tingjie"]
[Result "0-1"]
[WhiteElo "2385"]
[BlackElo "2469"]
[Annotator "ChessBase"]
[PlyCount "98"]
[EventDate "2019.10.10"]
[EventType "swiss"]
[EventCountry "GBR"]
[SourceTitle "playchess.com"]
[Source "ChessBase"]
[SourceQuality "1"]
[TimeControl "40/6000+30:20/3000+30:900+30"]

1. d4 {[%emt 0:00:00]} Nf6 {[%emt 0:00:00]} 2. c4 {[%emt 0:00:00]} e6 {[%emt 0:00:00]} 3. Nc3 {[%emt 0:00:00]} Bb4 {[%emt 0:00:06]} 4. e3 {[%emt 0:00:06]} d5 {[%emt 0:01:22]} 5. Nf3 {[%emt 0:00:14]} O-O {[%emt 0:00:10]} 6. Bd3 {[%emt 0:00:21]} c5 {[%emt 0:00:12]} 7. O-O {[%emt 0:00:05]} cxd4 {[%emt 0:00:09]} 8. exd4 {[%emt 0:00:03]} dxc4 {[%emt 0:00:07]} 9. Bxc4 {[%emt 0:00:03]} b6 {[%emt 0:00:09]} 10. Bg5 {[%emt 0:00:33]} Bb7 {[%emt 0:00:37]} 11. Rc1 {[%emt 0:02:06]} Nbd7 {[%emt 0:00:52]} 12. Bd3 {[%emt 0:02:32]} Rc8 {[%emt 0:02:50]} 13. Bb1 {[%emt 0:01:32]} Be7 {[%emt 0:09:47]} 14. Qd3 {[%emt 0:03:48]} g6 {[%emt 0:02:00]} 15. h4 {[%emt 0:24:18]} a6 {[%emt 0:06:12]} 16. a4 {[%emt 0:08:59]} b5 {[%emt 0:01:31]} 17. axb5 {[%emt 0:00:06]} axb5 {[%emt 0:00:07]} 18. b4 {[%emt 0:20:21]} Nb6 {[%emt 0:13:32]} 19. Ba2 {[%emt 0:11:56]} Ra8 {[%emt 0:08:09]} 20. Qe2 {[%emt 0:07:10]} Nfd5 {[%emt 0:08:14]} 21. Bxd5 {[%emt 0:00:22]} Nxd5 {[%emt 0:00:23]} 22. Bh6 {[%emt 0:17:14]} Re8 {[%emt 0:03:38]} 23. h5 {[%emt 0:00:14]} Nxc3 {[%emt 0:13:38]} 24. Rxc3 {[%emt 0:00:04]} Bxf3 {[%emt 0:05:59]} 25. Rxf3 {[%emt 0:03:09]} Qxd4 {[%emt 0:00:25]} 26. Rd1 {[%emt 0:06:48]} Ra1 {[%emt 0:07:04]} 27. Rfd3 {[%emt 0:00:51]} Rxd1+ {[%emt 0:00:09]} 28. Rxd1 {[%emt 0:00:22]} Qc4 {[%emt 0:00:05]} 29. Qb2 {[%emt 0:00:40]} f6 {[%emt 0:00:25]} 30. hxg6 {[%emt 0:00:04]} hxg6 {[%emt 0:00:04]} 31. Bd2 {[%emt 0:00:35]} Kf7 {[%emt 0:00:51]} 32. Rc1 {[%emt 0:00:19]} Qd5 {[%emt 0:04:41]} 33. Be3 {[%emt 0:00:12]} Rh8 {[%emt 0:02:24]} 34. Qe2 {[%emt 0:01:06]} Qe5 {[%emt 0:01:31]} 35. Qf3 {[%emt 0:00:33]} Rh4 {[%emt 0:09:45]} 36. Qb7 {[%emt 0:00:37]} Qd5 {[%emt 0:02:25]} 37. Qxd5 {[%emt 0:00:04]} exd5 {[%emt 0:00:04]} 38. f4 {[%emt 0:00:06]} Bxb4 {[%emt 0:03:08]} 39. Rb1 {[%emt 0:01:20]} Bc3 {[%emt 0:00:21]} 40. Rxb5 {[%emt 0:00:10]} d4 {[%emt 0:00:10]} 41. Bc1 {[%emt 0:02:23]} Ke6 {[%emt 0:04:55]} 42. Kf2 {[%emt 0:02:29]} Rh1 {[%emt 0:01:55]} 43. f5+ {[%emt 0:05:24]} gxf5 {[%emt 0:00:56]} 44. Bf4 {[%emt 0:00:03]} d3 {[%emt 0:02:20]} 45. Rb6+ {[%emt 0:00:05]} Kd5 {[%emt 0:00:09]} 46. Rd6+ {[%emt 0:00:03]} Ke4 {[%emt 0:00:18]} 47. g3 {[%emt 0:00:03]} Rh2+ {[%emt 0:02:00]} 48. Kg1 {[%emt 0:00:13]} Ra2 {[%emt 0:00:20]} 49. Kf1 {[%emt 0:00:47]} Be5 {[%emt 0:00:25]} 0-1